| 000 | 00975nam a22003017a 4500 | ||
|---|---|---|---|
| 003 | CHAP | ||
| 005 | 20220329134741.0 | ||
| 008 | 971013s1979 r 00010 d | ||
| 010 | _a25262 | ||
| 011 | _a26234 | ||
| 035 | _a30334 | ||
| 040 | _cCHAP | ||
| 082 |
_a631.53 _bB7 |
||
| 100 | 0 | 0 |
_aBrowse, Philip McMillan. _915718 |
| 245 | _aPlant propagation | ||
| 260 |
_aLondon : _bBeazley, _c1979 |
||
| 300 |
_a96 p. _b: ilus. |
||
| 490 | _aThe royal horticultural society's encyclopaedia of practical gardening | ||
| 590 |
_aBATCH-UPD _b10 _c20130110 _lUCH01 _h1602 |
||
| 590 |
_aBATCH-UPD _b10 _c20130410 _lUCH01 _h0958 |
||
| 590 |
_aBATCH-UPD _b10 _c20130914 _lUCH01 _h1943 |
||
| 590 |
_aCONVERSION _b10 _c20130109 _lUCH01 _h1315 |
||
| 650 | 1 | 4 |
_aPropagación de plantas. _992417 |
| 830 | 0 |
_aThe royal horticultural society's encyclopaedia of practical gardening _9112706 |
|
| 901 | _aBK | ||
| 942 | _cLIBRO | ||
| 949 |
_a631.53 B7 _bBC _cLIBRO _d-70321 _eLIBRO _h58047 _i30334 _si |
||
| 999 |
_c25262 _d25262 |
||